| 000 | 01428cad a22002415a 4500 | ||
|---|---|---|---|
| 001 | E114279 | ||
| 008 | 090507s2009 xxk f000 0 eng u | ||
| 020 | _a9781409811060 | ||
| 035 | _a(Sirsi) u114279 | ||
| 041 | _aeng | ||
| 050 | _a346.4104342 $2 18 | ||
| 110 |
_aUnited Kingdom _bDepartment for Communities and Local Government _94939 |
||
| 245 | 0 | 0 |
_aAssured and assured shorthold tenancies _ba guide for landlords _h[electronic resource] |
| 260 |
_a[London] _bDCLG _c2009 |
||
| 505 | 2 | _aIntroduction to assured and shorthold tenancies -- Differences between an assured and a shorthold tenancy -- How to set up a tenancy -- Landlord and tenant responsibilities and rights -- What to do when a tenancy ends -- How to end a tenancy -- Increasing the rent and varying the terms of a tenancy -- Succession rights, joint tenancies, subletting -- Housing benefit -- Tax on rental income -- Getting advice | |
| 520 | _aGovernment guidance for landlords letting property. Explains what assured and shorthold tenancies are and what legal rights landlords and tenants have. | ||
| 521 | _aIntroductory | ||
| 590 | _aKA | ||
| 651 | 4 |
_aEngland and Wales _y1543- |
|
| 690 | _aPROPERTY-RESIDENTIAL PROPERTY-RESIDENTIAL LANDLORD AND TENANT-RESIDENTIAL TENANCIES | ||
| 856 | 4 | 0 |
_uhttps://www.communities.gov.uk/publications/housing/assuredassuredlandlords _zView the guidance free of charge at www.communities.gov.uk... |
| 942 | _n0 | ||
| 999 |
_c101596 _d101596 |
||